000 01240nam0a2200289 4500
001 RU\NLR\bibl\801310
005 20250614125657.0
010 _a5-7810-0285-5
_9500
021 _aRU
_b2005-3233
_9160
035 _a(NLR Aleph) 000790480
090 _a1118524
_c1118524
100 _a20050519d2004 |||y0rusy50 ca
101 0 _arus
102 _aRU
105 _ay |||||||||
200 1 _aТопонимический словарь Тувы
_e[3200 топоним. ед.]
_fБ.К. Ондар
_gМ-во образования и науки Рос. Федерации, М-во общ. и проф. образования Респ. Тыва, Тыв. гос. ун-т
210 _aАбакан
_cИзд-во Хакасского государственного университета
_d2004
215 _a255 с.
_d28
320 _aБиблиогр.: с. 250-254
606 1 _aТувинский язык
_xСловари собственных имен
_xРусский язык
_91170435
_3RU\NLR\auth\66151874
686 _aШ163.441-424
700 1 _aОндар
_bБ. К.
_gБиченмал Кыргысовна
_4070
801 0 _aRU
_bNLR
_c20050519
_gPSBO
801 1 _aRU
_bNLR
_c20050519
942 _cBOOK
980 _aNB